=LDR 00000nam 2200000 4500 =001 INLIS000000000027541 =005 20130612125917 =008 ***********************************Ind** =035 ##$$0010-061300000027541 =041 ##$$a Ind =082 ##$$a F Rom D =090 ##$$a F Rom D, Tan d =100 ##$$a Tania,Retty =245 ##$$a Dear Diary, Retty Tania;Penyunting,Dwi A Santoso =260 ##$$a 2006 $b Jakarta =300 ##$$a viii,176 hlm, 19 cm =650 ##$$a Fiksi Roman Dewasa =700 ##$$a Santosa,Dwi A =850 ##$$a NBPNMAT